El Recurso de unificación de jurisprudencia en materia laboral: perspectivas comparadas.
Guardat en:
| Autor principal: | |
|---|---|
| Format: | Desconegut |
| Publicat: |
Santiago, Chile:
DER Ediciones; Universidad de Chile, Facultad de Derecho,
2022.
|
| Edició: | Primera edición. |
| Col·lecció: | CoEdiciones. Ponencias
|
| Matèries: | |
| Etiquetes: |
Afegir etiqueta
Sense etiquetes, Sigues el primer a etiquetar aquest registre!
|
MARC
| LEADER | 00000 a2200000 4500 | ||
|---|---|---|---|
| 003 | CL-VaPUC | ||
| 005 | 20240304161056.0 | ||
| 008 | 220913t2022 ||||| |||| 00| 0 eng d | ||
| 999 | |c 438707 |d 438705 | ||
| 020 | |a 978-956-405-095-9 | ||
| 040 | |c Pontificia Universidad Católica de Valparaíso | ||
| 082 | |2 22 |a 344.01 GAJ 2022 | ||
| 100 | |a Gajardo Harboe, María Cristina |e coordinadora |9 876582 | ||
| 245 | |a El Recurso de unificación de jurisprudencia en materia laboral: |b perspectivas comparadas. | ||
| 250 | |a Primera edición. | ||
| 260 | |a Santiago, Chile: |b DER Ediciones; |b Universidad de Chile, Facultad de Derecho, |c 2022. | ||
| 300 | |a 167 páginas. | ||
| 490 | |a CoEdiciones. Ponencias | ||
| 500 | |a Actas del Seminario El recurso de unificación de jurisprudencia en Chile - El recurso de casación para unificación de doctrina en España, organizado por la Escuela de postgrado de la facultad de derecho de la Universidad de Chile y la Universidad Complutense de Madrid el 5 de junio de 2021. | ||
| 583 | |k Cristina María Rojas Aguilar |c 20220913 | ||
| 650 | 0 | |9 15 |a Derecho laboral |x Jurisprudencia |z Chile |z España | |
| 650 | 0 | |9 380989 |a Jurisprudencia laboral |x Recurso de unificación |z Chile | |
| 650 | 0 | |9 380989 |a Jurisprudencia laboral |x Recurso de casación |x Unificación de doctrina |z España | |
| 650 | 0 | |9 255664 |a Derecho comparado |x Jurisprudencia laboral |z Chile |z España | |
| 942 | |2 ddc |c BK | ||
| 952 | |0 0 |1 0 |2 ddc |4 0 |6 344_010000000000000_GAJ_2022 |7 0 |8 A |9 586727 |a BIBDER |b BIBDER |c GEN |d 2022-09-13 |e 22 |g 20500.00 |i 5654712 |o 344.01 GAJ 2022 |p 5654712 |r 2023-01-25 |t 1 |v 20500.00 |w 2022-09-13 |y BK |k DER | ||